James Watt : la revolució industrial / Albert Hernando la revolució industrial / Albert Hernando
Publicado:
Barcelona :
Graó : Servei d' Ensenyament i Investigació de la Diputació de Barcelona ,
1989
Descripción Física:
64 p. : il. ; 20 cm
Colección:
Biblioteca de la classe ; 41
Materias:
Revolució industrial
MARC
| LEADER | 00000nam a2200000Ia 4500 | ||
|---|---|---|---|
| 001 | 9543 | ||
| 008 | 160829s1989 xx 000 0 cat d | ||
| 080 | |a C-1-391 | ||
| 100 | |a Hernando, Albert |9 20211 | ||
| 245 | |a James Watt : |b la revolució industrial / Albert Hernando | ||
| 260 | |a Barcelona : |b Graó : |b Servei d' Ensenyament i Investigació de la Diputació de Barcelona, |c 1989 | ||
| 300 | |a 64 p. : |b il. ; |c 20 cm | ||
| 490 | |a Biblioteca de la classe ; 41 | ||
| 650 | |a Revolució industrial |9 20212 | ||
| 710 | 1 | |a Barcelona (Catalunya : Província). |b Servei d'Ensenyament i Investigació |9 54366 | |
| 901 | |a Arxiu | ||
| 942 | |n 1 | ||
| 952 | |0 0 |1 0 |4 0 |6 C1391 |7 1 |9 41492 |a Arxiu |b Arxiu |d 2016-12-01 |l 0 |o C-1-391 |p 9543 |r 2016-12-01 00:00:00 |w 2016-12-01 |y ARXIU | ||
| 999 | |c 43300 |d 43300 | ||